Renaissance literature and culture (Record no. 6504)

MARC details
000 -LEADER
fixed length control field 00526 a2200181 4500
001 - CONTROL NUMBER
control field 132122
003 - CONTROL NUMBER IDENTIFIER
control field OSt
005 - DATE AND TIME OF LATEST TRANSACTION
control field 20211011163642.0
008 - FIXED-LENGTH DATA ELEMENTS--GENERAL INFORMATION
fixed length control field
082 ## - DEWEY DECIMAL CLASSIFICATION NUMBER
Classification number 820.9003
Item number H77R
100 1# - MAIN ENTRY--PERSONAL NAME
Personal name Hopkins, Lisa
245 1# - TITLE STATEMENT
Title Renaissance literature and culture
Statement of responsibility, etc by Lisa Hopkins and Matthew Steggle
260 ## - PUBLICATION, DISTRIBUTION, ETC. (IMPRINT)
Place of publication, distribution, etc London
Name of publisher, distributor, etc Continuum
Date of publication, distribution, etc 2008
300 ## - PHYSICAL DESCRIPTION
Extent 144p.
690 ## - LOCAL SUBJECT ADDED ENTRY--TOPICAL TERM (OCLC, RLIN)
Topical term or geographic name as entry element English literature--Early modern; Literature and society; Great Britain
700 ## - ADDED ENTRY--PERSONAL NAME
Personal name Steggle, Matthew
942 ## - ADDED ENTRY ELEMENTS (KOHA)
Source of classification or shelving scheme Dewey Decimal Classification
Koha item type Books
Holdings
Withdrawn status Lost status Source of classification or shelving scheme Damaged status Not for loan Collection code Home library Current library Date acquired Source of acquisition Cost, normal purchase price Full call number Barcode Date last seen Price effective from Koha item type
    Dewey Decimal Classification     General Text Book Central University Of Rajasthan Central University Of Rajasthan 08/06/2012 ENG 175.00 820.9003 H77R 8903 21/11/2024 02/09/2020 Books